000 00278nam a22001217a 4500
008 181019b xxu||||| |||| 00| 0 eng d
041 _aeng
080 _a541
100 _a12
101 _aKIM
245 _aOrganic Chemistry College Chemistry
_cMorrison.p
942 _2udc
_cBK
999 _c50238
_d50238